[Event "AUT_2BO_200607"]
[Site "6 810Zwettl,4 511Bruck/L,2"]
[Date "2007.04.14"]
[Round "10"]
[Board "3"]
[White "Batyte, Daiva"]
[Black "Winiwarter, Felix"]
[Result "1-0"]
[WhiteElo "2209"]
[BlackElo "2181"]
[PlyCount "113"]
[EventDate "2006.10.06"]
[EventType "team"]
[EventRounds "11"]
[EventCountry "AUT"]
[WhiteTeam "SV Stockerau"]
[BlackTeam "St POelten"]

1.g3 f5 2.Bg2 Nf6 3.Nf3 d6 4.d4 g6 5.c4 Bg7 6.Nc3 O-O 7.O-O Nc6 8.Bf4 Ne4 9.Nxe4
fxe4 10.Ng5 Nxd4 11.Bxe4 e5 12.Bd5+ Kh8 13.Be3 Qe7 14.Bg2 Bf5 15.Rc1 c5 16.Ne4
h6 17.Nc3 Qd7 18.Qd2 Kh7 19.Nd5 Rae8 20.b4 b6 21.b5 Bh3 22.Bxd4 Bxg2 23.Kxg2
exd4 24.a4 Re5 25.Rce1 Rh5 26.h4 Rxh4 27.Rh1 Rxh1 28.Rxh1 Qf5 29.f3 Re8 30.Kf2
Qe5 31.g4 Kg8 32.Qd3 Kf7 33.f4 Qe4 34.Qxe4 Rxe4 35.Kf3 Re8 36.Rd1 h5 37.g5 h4
38.Rh1 Rh8 39.Rh2 Ke6 40.Kg4 h3 41.Rxh3 Rxh3 42.Kxh3 Kf5 43.Kg3 Ke4 44.Kf2 Bf8
45.Ke1 Bg7 46.Kd2 Bf8 47.Kd1 Kf5 48.Kc2 Ke4 49.Kd2 Bg7 50.Nxb6 axb6 51.a5 d5
52.a6 dxc4 53.a7 c3+ 54.Kc2 c4 55.a8=Q+ Kxf4 56.Qb8+ Ke3 57.Qe8+

[Event "AUT_2BO_200607"]
[Site "6 810Zwettl,4 511Bruck/L,2"]
[Date "2007.04.14"]
[Round "10"]
[Board "5"]
[White "Wiedermann, Franz"]
[Black "Sekyra, Michael"]
[Result "1-0"]
[WhiteElo "2119"]
[BlackElo "2113"]
[PlyCount "81"]
[EventDate "2006.10.06"]
[EventType "team"]
[EventRounds "11"]
[EventCountry "AUT"]
[WhiteTeam "SV Stockerau"]
[BlackTeam "St POelten"]

1.d4 d5 2.c4 dxc4 3.e4 e5 4.Nf3 exd4 5.Qxd4 Qxd4 6.Nxd4 Bc5 7.Nb5 Na6 8.Bxc4 c6
9.N5c3 Nb4 10.Na3 Nf6 11.O-O O-O 12.Bg5 b5 13.Be2 Be6 14.e5 Nfd5 15.Nxd5 Nxd5
16.Rfd1 h6 17.Bh4 g5 18.Bg3 Be7 19.Bf3 Rfd8 20.Nc2 c5 21.h3 Rac8 22.Be2 Nc7
23.Bg4 Nd5 24.Bxe6 fxe6 25.Kf1 c4 26.Nd4 Kf7 27.Nxb5 Rb8 28.Nd6+ Bxd6 29.exd6
Rxb2 30.Be5 c3 31.Rac1 Rxa2 32.Bxc3 Rxd6 33.Be5 Rd8 34.Rb1 Rd7 35.Rd3 a5 36.Rf3+
Kg6 37.Rf8 Rf7 38.Rg8+ Kf5 39.Re1 Ne3+ 40.Rxe3 Ra1+ 41.Bxa1

[Event "AUT_2BO_200607"]
[Site "6 810Zwettl,4 511Bruck/L,2"]
[Date "2007.04.14"]
[Round "10"]
[Board "6"]
[White "Sturzeis, Roman"]
[Black "Schmid, Thomas"]
[Result "0-1"]
[WhiteElo "2087"]
[BlackElo "2170"]
[PlyCount "168"]
[EventDate "2006.10.06"]
[EventType "team"]
[EventRounds "11"]
[EventCountry "AUT"]
[WhiteTeam "St POelten"]
[BlackTeam "SV Stockerau"]

1.e4 c5 2.Nf3 d6 3.Bb5+ Bd7 4.Bxd7+ Nxd7 5.O-O Ngf6 6.Re1 e6 7.c3 Be7 8.d4 O-O
9.Nbd2 Rc8 10.Nf1 d5 11.exd5 Nxd5 12.c4 N5f6 13.b3 cxd4 14.Nxd4 Bc5 15.Be3 a6
16.Nf3 Qc7 17.Qe2 Rfd8 18.Rad1 Bb4 19.Bd2 Bc5 20.h3 Re8 21.Ne3 Ne4 22.b4 Bf8
23.a3 f5 24.Rc1 a5 25.Nd4 Nxd2 26.Qxd2 axb4 27.axb4 Nf6 28.Qb2 Ne4 29.c5 g6
30.f3 Ng5 31.h4 Nf7 32.Qb3 Qf4 33.Nxe6 Qxh4 34.Nd5 Rc6 35.Ndf4 g5 36.Nd3 Bg7
37.Nxg7 Rxe1+ 38.Rxe1 Qd4+ 39.Nf2 Kxg7 40.Re7 Rf6 41.Rxb7 g4 42.Qd3 Qa1+ 43.Qd1
Qa6 44.Rd7 h5 45.Qd2 Qa1+ 46.Nd1 gxf3 47.gxf3 Qe5 48.f4 Qe6 49.Kg2 h4 50.b5 Qc4
51.Qd4 Qxb5 52.Ne3 Kg6 53.Nc4 Qb3 54.Ne3 Ra6 55.Qd5 Ra2+ 56.Kf3 Qxd5+ 57.Rxd5 h3
58.Rd1 h2 59.c6 Ra3 60.Ke2 Rc3 61.Nd5 Rc5 62.c7 Nd6 63.Nb6 h1=Q 64.Rxh1 Rxc7
65.Rg1+ Kf7 66.Rd1 Ne4 67.Ke3 Ke6 68.Rh1 Rc6 69.Rh6+ Nf6 70.Na4 Kd5 71.Kd3 Ke6
72.Kd4 Rd6+ 73.Kc4 Ke7 74.Nc5 Ne4 75.Rh7+ Ke8 76.Nb7 Rd7 77.Rh8+ Kf7 78.Na5 Kg7
79.Ra8 Rd1 80.Ra7+ Kg6 81.Nc6 Rc1+ 82.Kd5 Rc5+ 83.Ke6 Rxc6+ 84.Kd5 Rf6

[Event "AUT_2BO_200607"]
[Site "6 810Zwettl,4 511Bruck/L,2"]
[Date "2007.04.14"]
[Round "10"]
[Board "2"]
[White "Vass, Frantisek"]
[Black "Lipka, Juraj"]
[Result "1/2-1/2"]
[WhiteElo "2352"]
[BlackElo "2418"]
[PlyCount "20"]
[EventDate "2006.10.06"]
[EventType "team"]
[EventRounds "11"]
[EventCountry "AUT"]
[WhiteTeam "ASVOe SK Lackenbach"]
[BlackTeam "OMV Pamhagen"]

1.d4 Nf6 2.Nf3 g6 3.c4 Bg7 4.Nc3 O-O 5.e4 d6 6.Be2 e5 7.dxe5 dxe5 8.Qxd8 Rxd8
9.Ng5 Re8 10.O-O Nc6

[Event "AUT_2BO_200607"]
[Site "6 810Zwettl,4 511Bruck/L,2"]
[Date "2007.04.14"]
[Round "10"]
[Board "6"]
[White "Galavics, Hermann"]
[Black "Bauer, Manfred"]
[Result "1/2-1/2"]
[WhiteElo "2098"]
[BlackElo "2001"]
[PlyCount "40"]
[EventDate "2006.10.06"]
[EventType "team"]
[EventRounds "11"]
[EventCountry "AUT"]
[WhiteTeam "ASVOe SK Lackenbach"]
[BlackTeam "OMV Pamhagen"]

1.d4 f5 2.Nf3 Nf6 3.g3 e6 4.Bg2 d5 5.O-O Bd6 6.c4 c6 7.Nbd2 O-O 8.b3 Nbd7 9.Bb2
Ne4 10.Qc2 Nxd2 11.Qxd2 b5 12.cxb5 cxb5 13.Rfc1 Bb7 14.Ne5 Nxe5 15.dxe5 Be7
16.e3 Qd7 17.Rc2 Rfc8 18.Rac1 Rxc2 19.Rxc2 Rc8 20.a3 Rxc2

[Event "AUT_2BO_200607"]
[Site "6 810Zwettl,4 511Bruck/L,2"]
[Date "2007.04.14"]
[Round "10"]
[Board "1"]
[White "Kleiser, Gregor"]
[Black "Rudolf, Herbert"]
[Result "1-0"]
[WhiteElo "2276"]
[BlackElo "2216"]
[PlyCount "55"]
[EventDate "2006.10.06"]
[EventType "team"]
[EventRounds "11"]
[EventCountry "AUT"]
[WhiteTeam "SV Tschaturanga Neubau"]
[BlackTeam "ASVOe Wulkaprodersdorf"]

1.d4 Nf6 2.c4 g6 3.Nf3 Bg7 4.Nc3 d5 5.cxd5 Nxd5 6.e4 Nxc3 7.bxc3 c5 8.Rb1 O-O
9.Be2 cxd4 10.cxd4 Qa5+ 11.Bd2 Qxa2 12.O-O Bg4 13.Be3 Nc6 14.d5 Na5 15.Re1 Bxf3
16.Bxf3 Rfc8 17.Bg5 f6 18.Bd2 Nc4 19.Bb4 Nd6 20.Re3 Qc2 21.Qe1 Rc7 22.Ba3 Qa4
23.Bg4 Nc4 24.Be6+ Kf8 25.Rc3 Nxa3 26.Rxc7 Nxb1 27.Qxb1 b6 28.d6

[Event "AUT_2BO_200607"]
[Site "6 810Zwettl,4 511Bruck/L,2"]
[Date "2007.04.14"]
[Round "10"]
[Board "3"]
[White "Suttner, Claus"]
[Black "Steinwender, Peter"]
[Result "1/2-1/2"]
[WhiteElo "2169"]
[BlackElo "2111"]
[PlyCount "101"]
[EventDate "2006.10.06"]
[EventType "team"]
[EventRounds "11"]
[EventCountry "AUT"]
[WhiteTeam "SV Tschaturanga Neubau"]
[BlackTeam "ASVOe Wulkaprodersdorf"]

1.d4 Nf6 2.Nf3 c5 3.g3 cxd4 4.Nxd4 Nc6 5.Bg2 Qb6 6.Nb3 d6 7.Nc3 Bd7 8.Be3 Qc7
9.Nb5 Qb8 10.c4 Ng4 11.Bd2 a6 12.Nc3 e6 13.Rc1 Nge5 14.Ne4 f5 15.Ng5 h6 16.Nh3
Be7 17.O-O O-O 18.Bc3 Qc7 19.Nf4 Qd8 20.Nd4 Nxd4 21.Qxd4 Qc7 22.b3 Bf6 23.Qd2
Rad8 24.Nh5 Ng4 25.Nxf6+ Nxf6 26.Rfd1 Bc6 27.Bxc6 Qxc6 28.Bxf6 Rxf6 29.Rc3 Kf7
30.a4 Ke7 31.Qc2 Rc8 32.Qd2 Qc5 33.Rd3 Rd8 34.b4 Qc6 35.Rc3 Qxa4 36.b5 axb5
37.cxb5 Qa5 38.Qb2 Qb6 39.Qb4 Rff8 40.Qh4+ Rf6 41.Qb4 Rd7 42.Rdc1 g5 43.e3 Rf7
44.Qd4 Qxd4 45.exd4 Rf8 46.b6 Rfd8 47.Kf1 d5 48.Ke2 Rd6 49.Rc7+ R8d7 50.Rxd7+
Rxd7 51.Rc8

[Event "AUT_2BO_200607"]
[Site "6 810Zwettl,4 511Bruck/L,2"]
[Date "2007.04.15"]
[Round "11"]
[Board "1"]
[White "Rudolf, Herbert"]
[Black "Papp, Gabor"]
[Result "0-1"]
[WhiteElo "2216"]
[BlackElo "2466"]
[PlyCount "34"]
[EventDate "2006.10.06"]
[EventType "team"]
[EventRounds "11"]
[EventCountry "AUT"]
[WhiteTeam "ASVOe Wulkaprodersdorf"]
[BlackTeam "ASVOe SK Mattersburg"]

1.e4 c5 2.Nf3 e6 3.c4 a6 4.Nc3 Nc6 5.Be2 Qc7 6.O-O Nf6 7.b3 b6 8.Bb2 Bb7 9.d4
cxd4 10.Nxd4 Bd6 11.Nf3 Ne5 12.Nd2 h5 13.Kh1 Neg4 14.Nf3 Bxh2 15.Qd4 Bd6 16.Na4
Bc5 17.Nxc5 bxc5

[Event "AUT_2BO_200607"]
[Site "6 810Zwettl,4 511Bruck/L,2"]
[Date "2007.04.15"]
[Round "11"]
[Board "2"]
[White "Petran, Peter"]
[Black "Kremsner, Andreas"]
[Result "0-1"]
[WhiteElo "2320"]
[BlackElo "2214"]
[PlyCount "78"]
[EventDate "2006.10.06"]
[EventType "team"]
[EventRounds "11"]
[EventCountry "AUT"]
[WhiteTeam "ASVOe SK Mattersburg"]
[BlackTeam "ASVOe Wulkaprodersdorf"]

1.g3 g6 2.Bg2 Bg7 3.d4 d6 4.e4 c5 5.c3 cxd4 6.cxd4 Nc6 7.Ne2 Qb6 8.Nbc3 Nf6
9.O-O O-O 10.h3 e5 11.d5 Ne7 12.g4 Ne8 13.Rb1 f5 14.Be3 Qd8 15.f3 Kh8 16.Nc1 Ng8
17.Nd3 Bh6 18.Bf2 Bg5 19.Qe1 Bd7 20.Ra1 f4 21.Kh1 h5 22.Rg1 hxg4 23.fxg4 Rf7
24.Bf3 Rh7 25.Kg2 Bh4 26.a4 Bxf2 27.Qxf2 Nh6 28.Rh1 Nf7 29.h4 Nf6 30.Qe2 Qc8
31.g5 Nh5 32.Bxh5 Rxh5 33.Nf2 Kg7 34.Rh2 Qd8 35.Rah1 Qe7 36.Kf1 Rah8 37.Ng4 Nxg5
38.Nxe5 Qxe5 39.hxg5 f3

[Event "AUT_2BO_200607"]
[Site "6 810Zwettl,4 511Bruck/L,2"]
[Date "2007.04.15"]
[Round "11"]
[Board "3"]
[White "Heiny, Michael"]
[Black "Brod, Manfred"]
[Result "1-0"]
[WhiteElo "1894"]
[BlackElo "2258"]
[PlyCount "121"]
[EventDate "2006.10.06"]
[EventType "team"]
[EventRounds "11"]
[EventCountry "AUT"]
[WhiteTeam "ASVOe Wulkaprodersdorf"]
[BlackTeam "ASVOe SK Mattersburg"]

1.d4 d5 2.c4 dxc4 3.e3 Nf6 4.Bxc4 e6 5.Nc3 c5 6.Nf3 a6 7.O-O b5 8.Bd3 Bb7 9.dxc5
Bxc5 10.Qc2 Nbd7 11.a3 Rc8 12.b4 Bd6 13.Bb2 Nd5 14.Rac1 N7b6 15.Qe2 Nxc3 16.Bxc3
O-O 17.Bd4 Nd5 18.Rxc8 Bxc8 19.Rc1 Bb7 20.Ne5 Qh4 21.h3 Qg5 22.f4 Nxf4 23.exf4
Qxf4 24.Bb2 f6 25.Ng4 Bd5 26.Rf1 Qg3 27.Rd1 Bf4 28.Qf2 Bb3 29.Qxg3 Bxg3 30.Bxh7+
Kxh7 31.Rd3 Bc4 32.Rxg3 Rd8 33.Rf3 e5 34.Ne3 Bd3 35.Rf2 Be4 36.Re2 Kg6 37.Kf2
Rd3 38.Ng4 Bf5 39.Ne3 Be6 40.Nf1 Rb3 41.Rc2 Bd5 42.Nd2 Rd3 43.Nf1 Rb3 44.Ne3 Be4
45.Rd2 Kg5 46.Nd1 g6 47.Nc3 Bb7 48.Ke3 e4 49.Kd4 Kf4 50.Re2 f5 51.Bc1+ Kg3
52.Rc2 Ba8 53.Ke5 e3 54.Bxe3 Bxg2 55.h4 Rxa3 56.Bg5 Bf3 57.Nb1 Ra1 58.Nd2 Re1+
59.Kf6 Bh5 60.Rc3+ Kf2 61.Ra3

[Event "AUT_2BO_200607"]
[Site "6 810Zwettl,4 511Bruck/L,2"]
[Date "2007.04.15"]
[Round "11"]
[Board "1"]
[White "Hagara, Eduard"]
[Black "Kleiser, Gregor"]
[Result "1/2-1/2"]
[WhiteElo "2383"]
[BlackElo "2276"]
[PlyCount "43"]
[EventDate "2006.10.06"]
[EventType "team"]
[EventRounds "11"]
[EventCountry "AUT"]
[WhiteTeam "ASVOe SK Lackenbach"]
[BlackTeam "SV Tschaturanga Neubau"]

1.e4 c5 2.Nf3 Nc6 3.Nc3 Nf6 4.Bb5 Nd4 5.Bc4 d6 6.h3 g6 7.d3 Nxf3+ 8.Qxf3 Bg7
9.Bg5 O-O 10.O-O Kh8 11.Rae1 Nd7 12.Qg3 a6 13.a4 Rb8 14.Qh4 f6 15.Bd2 Ne5 16.Ba2
Nc6 17.Ne2 Qe8 18.f4 e5 19.f5 b5 20.fxg6 Qxg6 21.axb5 Rxb5 22.Bc1

[Event "AUT_2BO_200607"]
[Site "6 810Zwettl,4 511Bruck/L,2"]
[Date "2007.04.15"]
[Round "11"]
[Board "2"]
[White "Ernst, Michael"]
[Black "Vass, Frantisek"]
[Result "0-1"]
[WhiteElo "2177"]
[BlackElo "2352"]
[PlyCount "72"]
[EventDate "2006.10.06"]
[EventType "team"]
[EventRounds "11"]
[EventCountry "AUT"]
[WhiteTeam "SV Tschaturanga Neubau"]
[BlackTeam "ASVOe SK Lackenbach"]

1.d4 d5 2.c4 e6 3.Nc3 Nf6 4.cxd5 exd5 5.Bg5 c6 6.e3 Bb4 7.Qc2 Nbd7 8.Bd3 Qa5
9.Nf3 O-O 10.O-O Re8 11.a3 Bxc3 12.Qxc3 Qxc3 13.bxc3 Ne4 14.c4 dxc4 15.Bxc4 Nb6
16.Bd3 f6 17.Bh4 Bf5 18.Bxe4 Bxe4 19.Nd2 Bd3 20.Rfc1 Rad8 21.Nb3 Re7 22.Nc5 Bf5
23.Rc3 Nd5 24.Rb3 b6 25.Nd3 a5 26.a4 Red7 27.Rc1 Bxd3 28.Rxd3 Nb4 29.Rd2 c5
30.Rcd1 c4 31.Rc1 Rc8 32.f3 c3 33.Re2 Rdc7 34.e4 c2 35.d5 Nd3 36.Ree1 Rc4

[Event "AUT_2BO_200607"]
[Site "6 810Zwettl,4 511Bruck/L,2"]
[Date "2007.04.15"]
[Round "11"]
[Board "3"]
[White "Krpelan, Wolfgang"]
[Black "Suttner, Claus"]
[Result "1-0"]
[WhiteElo "2265"]
[BlackElo "2169"]
[PlyCount "53"]
[EventDate "2006.10.06"]
[EventType "team"]
[EventRounds "11"]
[EventCountry "AUT"]
[WhiteTeam "ASVOe SK Lackenbach"]
[BlackTeam "SV Tschaturanga Neubau"]

1.e4 c5 2.c3 d5 3.exd5 Qxd5 4.d4 cxd4 5.cxd4 Nc6 6.Nf3 e6 7.Nc3 Bb4 8.Bd3 Nf6
9.O-O Qd8 10.Bg5 Be7 11.Rc1 Nd5 12.Nxd5 Qxd5 13.Bxe7 Nxe7 14.Rc5 Qd8 15.Re1 Nd5
16.Bb5+ Kf8 17.Ne5 Kg8 18.Qf3 Qf6 19.Rec1 Nb6 20.Rxc8+ Rxc8 21.Rxc8+ Nxc8
22.Qxb7 h5 23.Qxc8+ Kh7 24.Qb7 Rd8 25.Qxa7 Kg8 26.Nc6 Rd6 27.Qb8+

[Event "AUT_2BO_200607"]
[Site "6 810Zwettl,4 511Bruck/L,2"]
[Date "2007.04.15"]
[Round "11"]
[Board "4"]
[White "Ponjican, Erich"]
[Black "Ranits, Franz"]
[Result "1-0"]
[WhiteElo "2125"]
[BlackElo "2242"]
[PlyCount "81"]
[EventDate "2006.10.06"]
[EventType "team"]
[EventRounds "11"]
[EventCountry "AUT"]
[WhiteTeam "SV Tschaturanga Neubau"]
[BlackTeam "ASVOe SK Lackenbach"]

1.e4 Nf6 2.e5 Nd5 3.d4 d6 4.Nf3 dxe5 5.Nxe5 c6 6.Nd2 Nd7 7.Ndf3 Nxe5 8.Nxe5 Bf5
9.c3 e6 10.Be2 Bd6 11.O-O O-O 12.Bf3 Qc7 13.h4 h6 14.Re1 Rad8 15.Qe2 Rfe8 16.g4
Bh7 17.g5 hxg5 18.hxg5 Bf5 19.Kg2 Ne7 20.Bh5 Bxe5 21.Qxe5 Qb6 22.b4 Rd5 23.Qg3
a5 24.a3 Bg6 25.Bf3 Rd7 26.Bf4 Bf5 27.Rh1 Ng6 28.Rae1 Qb5 29.Be5 axb4 30.Qh2 Kf8
31.Bd6+ Rxd6 32.Qxd6+ Kg8 33.axb4 Qd3 34.Re3 Qd2 35.Qc7 e5 36.dxe5 Nf4+ 37.Kg3
Ne6 38.Qxb7 Nxg5 39.Bxc6 Rd8 40.Rh5 Bc8 41.Qe7

[Event "AUT_2BO_200607"]
[Site "6 810Zwettl,4 511Bruck/L,2"]
[Date "2007.04.15"]
[Round "11"]
[Board "5"]
[White "Stranz, Richard"]
[Black "Granabetter, Josef"]
[Result "1-0"]
[WhiteElo "2217"]
[BlackElo "2009"]
[PlyCount "47"]
[EventDate "2006.10.06"]
[EventType "team"]
[EventRounds "11"]
[EventCountry "AUT"]
[WhiteTeam "ASVOe SK Lackenbach"]
[BlackTeam "SV Tschaturanga Neubau"]

1.e4 c5 2.Nc3 Nc6 3.Bb5 e6 4.Bxc6 bxc6 5.d3 d5 6.Nge2 Nf6 7.Ng3 d4 8.Nb1 Be7
9.O-O O-O 10.f4 Rb8 11.b3 a5 12.a4 Ne8 13.Na3 Ba6 14.Bd2 Qc7 15.Qe1 Bd8 16.e5 f5
17.exf6 Rxf6 18.Ne4 Rh6 19.Nxc5 Bc8 20.Nc4 Qf7 21.f5 Rxh2 22.Kxh2 Qh5+ 23.Kg1
Bh4 24.Qd1

[Event "AUT_2BO_200607"]
[Site "6 810Zwettl,4 511Bruck/L,2"]
[Date "2007.04.15"]
[Round "11"]
[Board "2"]
[White "Lipka, Juraj"]
[Black "Roehrl, Karl"]
[Result "1-0"]
[WhiteElo "2418"]
[BlackElo "2307"]
[PlyCount "71"]
[EventDate "2006.10.06"]
[EventType "team"]
[EventRounds "11"]
[EventCountry "AUT"]
[WhiteTeam "OMV Pamhagen"]
[BlackTeam "St POelten"]

1.Nf3 Nf6 2.c4 d6 3.d4 c6 4.Nc3 Nbd7 5.e4 e5 6.Be2 Be7 7.O-O Qc7 8.Rb1 O-O 9.Re1
Re8 10.Bf1 Bf8 11.d5 c5 12.a3 h6 13.b4 b6 14.Nd2 a6 15.Nb3 Be7 16.Bd2 cxb4
17.axb4 Bb7 18.Rc1 Rec8 19.g3 Qd8 20.Na4 Rcb8 21.f3 Ne8 22.Be3 Bc8 23.Qd2 Bg5
24.f4 exf4 25.gxf4 Bh4 26.Re2 a5 27.Nd4 Bb7 28.Bh3 Nef6 29.Nc6 Bxc6 30.dxc6 Nxe4
31.Qd4 Ndf6 32.Nxb6 axb4 33.Nxa8 Rxa8 34.c5 d5 35.Qxb4 Ne8 36.Bg2

[Event "AUT_2BO_200607"]
[Site "6 810Zwettl,4 511Bruck/L,2"]
[Date "2007.04.15"]
[Round "11"]
[Board "3"]
[White "Winiwarter, Felix"]
[Black "Franzen, Jozef"]
[Result "1-0"]
[WhiteElo "2181"]
[BlackElo "2344"]
[PlyCount "71"]
[EventDate "2006.10.06"]
[EventType "team"]
[EventRounds "11"]
[EventCountry "AUT"]
[WhiteTeam "St POelten"]
[BlackTeam "OMV Pamhagen"]

1.e4 g6 2.d4 Bg7 3.f4 d5 4.e5 h5 5.Nf3 Bg4 6.h3 Bxf3 7.Qxf3 e6 8.Bd3 h4 9.f5
gxf5 10.Bf4 Nc6 11.c3 Bh6 12.Nd2 Bxf4 13.Qxf4 Nge7 14.Nf3 Ng6 15.Qd2 Qe7
16.O-O-O O-O-O 17.Rdg1 Rh5 18.g4 hxg3 19.Rxg3 Rdh8 20.Bf1 Na5 21.b3 Nc6 22.Rhg1
Qf8 23.Kb2 Nce7 24.Ng5 Rh4 25.Nf3 R4h6 26.Ng5 Nh4 27.c4 Kb8 28.c5 Nhg6 29.b4 f4
30.Ra3 Nf5 31.b5 b6 32.Qb4 bxc5 33.Qa4 cxd4 34.Qxa7+ Kc8 35.Qa8+ Kd7 36.Qc6+

[Event "AUT_2BO_200607"]
[Site "6 810Zwettl,4 511Bruck/L,2"]
[Date "2007.04.15"]
[Round "11"]
[Board "5"]
[White "Sekyra, Michael"]
[Black "Froschauer, Hans"]
[Result "1-0"]
[WhiteElo "2113"]
[BlackElo "2180"]
[PlyCount "81"]
[EventDate "2006.10.06"]
[EventType "team"]
[EventRounds "11"]
[EventCountry "AUT"]
[WhiteTeam "St POelten"]
[BlackTeam "OMV Pamhagen"]

1.e4 g6 2.d4 Bg7 3.Nc3 c6 4.f4 d5 5.e5 h5 6.Nf3 Nh6 7.Be3 Bf5 8.h3 Nd7 9.Bd3 Nb6
10.b3 e6 11.O-O Bxd3 12.Qxd3 Nf5 13.Bf2 Qe7 14.Ne2 Bh6 15.c4 h4 16.c5 Nd7 17.b4
g5 18.fxg5 Bxg5 19.Rfb1 a6 20.a4 O-O 21.b5 axb5 22.axb5 f6 23.exf6 Qxf6 24.bxc6
bxc6 25.Ra6 Rxa6 26.Qxa6 e5 27.Nxg5 Qxg5 28.Qxc6 Ne3 29.Bxe3 Qxe3+ 30.Kh2 Qxe2
31.Qxd7 Qe4 32.Qe6+ Rf7 33.Rb8+ Kg7 34.Qxe5+ Qxe5+ 35.dxe5 Rc7 36.Rb4 Rxc5
37.Rxh4 Rc4 38.Kg3 Kg6 39.Rxc4 dxc4 40.Kf4 c3 41.Ke3

[Event "AUT_2BO_200607"]
[Site "6 810Zwettl,4 511Bruck/L,2"]
[Date "2007.04.15"]
[Round "11"]
[Board "6"]
[White "Bauer, Manfred"]
[Black "Sturzeis, Roman"]
[Result "0-1"]
[WhiteElo "2001"]
[BlackElo "2087"]
[PlyCount "98"]
[EventDate "2006.10.06"]
[EventType "team"]
[EventRounds "11"]
[EventCountry "AUT"]
[WhiteTeam "OMV Pamhagen"]
[BlackTeam "St POelten"]

1.f4 e5 2.fxe5 d6 3.exd6 Bxd6 4.Nf3 Bg4 5.e4 Nc6 6.Bb5 Nge7 7.d4 O-O 8.c3 Ng6
9.Bxc6 bxc6 10.O-O c5 11.Be3 cxd4 12.cxd4 Nh4 13.Nbd2 Qb8 14.Qc2 Nxf3+ 15.Nxf3
c5 16.dxc5 Bxf3 17.gxf3 Be5 18.Rab1 a5 19.b3 Ra6 20.Kh1 Rf6 21.Rbd1 Re8 22.Rd2
Bf4 23.Bxf4 Qxf4 24.Qd3 h5 25.Rdd1 Rc8 26.Qc3 Qc7 27.Rd5 h4 28.Rg1 Rg6 29.Rxg6
fxg6 30.Qe5 Qf7 31.Rd3 Qf8 32.Qe6+ Kh7 33.Qd6 Qe8 34.Kg2 Rc6 35.Qd5 Qc8 36.Qg5
Rxc5 37.Qxh4+ Rh5 38.Qf2 Rg5+ 39.Kf1 Qh3+ 40.Ke1 Rg2 41.Qf1 Qh4+ 42.Kd1 Rxh2
43.Re3 Rh1 44.Re1 Rxf1 45.Rxf1 Qh2 46.Re1 Qxa2 47.e5 Qxb3+ 48.Kd2 Kg8 49.e6 Kf8

[Event "AUT_2BO_200607"]
[Site "6 810Zwettl,4 511Bruck/L,2"]
[Date "2007.04.15"]
[Round "11"]
[Board "1"]
[White "Timoscenko, Gennadij"]
[Black "Chytilek, Roman"]
[Result "0-1"]
[WhiteElo "2495"]
[BlackElo "2394"]
[PlyCount "98"]
[EventDate "2006.10.06"]
[EventType "team"]
[EventRounds "11"]
[EventCountry "AUT"]
[WhiteTeam "1 Wr NeustAedter SV"]
[BlackTeam "SV Stockerau"]

1.d4 Nf6 2.c4 c5 3.d5 b5 4.Nf3 b4 5.a3 g6 6.Be3 Qc7 7.g3 Bg7 8.Bg2 O-O 9.axb4
cxb4 10.d6 exd6 11.Nd4 Nc6 12.Nb5 Qb8 13.Nxd6 Ng4 14.Bc1 Bd4 15.e3 Qxd6 16.Qxg4
Bg7 17.O-O a5 18.Ra4 Qc7 19.Qe2 Bb7 20.b3 Rfe8 21.Bb2 Bxb2 22.Qxb2 Ne5 23.Rd1
Bxg2 24.Kxg2 Qc6+ 25.Kf1 Qh1+ 26.Ke2 Qxh2 27.Qd4 Qh5+ 28.Kf1 Ra6 29.Qd5 Rf6
30.Rxa5 Rxf2+ 31.Kxf2 Qh2+ 32.Ke1 Ng4 33.Rd3 Qg1+ 34.Kd2 Qxb1 35.Ra8 Qb2+ 36.Ke1
Qf2+ 37.Kd1 Nxe3+ 38.Rxe3 Qxe3 39.Rxe8+ Qxe8 40.Qd6 Qe3 41.Qxb4 Qxg3 42.Kc2 Qf2+
43.Kd3 Qf3+ 44.Kd4 h5 45.Qb8+ Kh7 46.b4 h4 47.b5 Qf2+ 48.Kc3 h3 49.b6 h2

[Event "AUT_2BO_200607"]
[Site "6 810Zwettl,4 511Bruck/L,2"]
[Date "2007.04.15"]
[Round "11"]
[Board "2"]
[White "Groetz, Harald"]
[Black "Schroll, Gerhard"]
[Result "1/2-1/2"]
[WhiteElo "2399"]
[BlackElo "2377"]
[PlyCount "73"]
[EventDate "2006.10.06"]
[EventType "team"]
[EventRounds "11"]
[EventCountry "AUT"]
[WhiteTeam "SV Stockerau"]
[BlackTeam "1 Wr NeustAedter SV"]

1.e4 e5 2.Nf3 Nc6 3.Bb5 a6 4.Bxc6 dxc6 5.O-O f6 6.d4 exd4 7.Nxd4 c5 8.Ne2 Qxd1
9.Rxd1 Bd7 10.Nbc3 O-O-O 11.Be3 b6 12.Rd2 Bd6 13.Bf4 Bc6 14.Rad1 Be7 15.Nd5 Bxd5
16.Rxd5 Rxd5 17.Rxd5 Bd8 18.Rd1 Ne7 19.f3 Ng6 20.g4 h5 21.h3 Be7 22.Bg3 h4
23.Nf4 Ne5 24.Nd5 Nxf3+ 25.Kg2 Bd8 26.Kxf3 hxg3 27.Kxg3 c6 28.Ne3 g5 29.Nf5 Bc7+
30.Kg2 Rh7 31.b3 Be5 32.Nd6+ Kc7 33.Nc4 Bd4 34.Nd2 Re7 35.Kf3 Rh7 36.Kg2 Re7
37.Kf3

[Event "AUT_2BO_200607"]
[Site "6 810Zwettl,4 511Bruck/L,2"]
[Date "2007.04.15"]
[Round "11"]
[Board "4"]
[White "Sadilek, Maximilian"]
[Black "Posch, Werner"]
[Result "1/2-1/2"]
[WhiteElo "2170"]
[BlackElo "2225"]
[PlyCount "79"]
[EventDate "2006.10.06"]
[EventType "team"]
[EventRounds "11"]
[EventCountry "AUT"]
[WhiteTeam "SV Stockerau"]
[BlackTeam "1 Wr NeustAedter SV"]

1.d4 d5 2.Nf3 Bf5 3.e3 e6 4.Bd3 c6 5.O-O Nf6 6.c4 Bxd3 7.Qxd3 Nbd7 8.Nc3 Be7
9.e4 dxe4 10.Nxe4 Nxe4 11.Qxe4 O-O 12.Re1 Re8 13.Bf4 Qa5 14.a3 Qh5 15.Ne5 Nxe5
16.Bxe5 Qg6 17.Qe2 Rad8 18.Rad1 Bd6 19.b4 a6 20.h3 h6 21.Qb2 Rd7 22.b5 cxb5
23.cxb5 Red8 24.bxa6 bxa6 25.Qe2 Bxa3 26.Qxa6 Bd6 27.Rc1 Bxe5 28.dxe5 Kh7 29.Rc8
Rd1 30.Rc1 R1d2 31.Qf1 R8d4 32.Rc4 Rd5 33.Rce4 Qf5 34.R4e2 R2d4 35.Re3 Rf4
36.Qe2 g5 37.Re4 Rxe4 38.Qxe4 Qxe4 39.Rxe4 Kg6 40.g4

[Event "AUT_2BO_200607"]
[Site "6 810Zwettl,4 511Bruck/L,2"]
[Date "2007.04.15"]
[Round "11"]
[Board "5"]
[White "Steiner, Adam"]
[Black "Schirmbeck, Hannes"]
[Result "1/2-1/2"]
[WhiteElo "2150"]
[BlackElo "2141"]
[PlyCount "56"]
[EventDate "2006.10.06"]
[EventType "team"]
[EventRounds "11"]
[EventCountry "AUT"]
[WhiteTeam "1 Wr NeustAedter SV"]
[BlackTeam "SV Stockerau"]

1.e4 e5 2.f4 d5 3.exd5 exf4 4.Nf3 Nf6 5.Bc4 Bd6 6.Qe2+ Be7 7.O-O Nxd5 8.Nc3 c6
9.d4 O-O 10.Nxd5 cxd5 11.Bxd5 Qxd5 12.Qxe7 Nc6 13.Qc5 Qxc5 14.dxc5 Nb4 15.Bxf4
Nxc2 16.Rac1 Nb4 17.Bd6 Re8 18.Ne5 f6 19.Rc4 Nxa2 20.Nd3 Bd7 21.Ra1 Bb5 22.Rd4
Bxd3 23.Rxd3 Nb4 24.Rb3 a5 25.Bc7 Rac8 26.Bd6 Ra8 27.Bc7 Rac8 28.Bd6 Ra8

[Event "AUT_2BO_200607"]
[Site "6 810Zwettl,4 511Bruck/L,2"]
[Date "2007.04.15"]
[Round "11"]
[Board "6"]
[White "Schmid, Thomas"]
[Black "Wiedner, Robert"]
[Result "0-1"]
[WhiteElo "2170"]
[BlackElo "2130"]
[PlyCount "104"]
[EventDate "2006.10.06"]
[EventType "team"]
[EventRounds "11"]
[EventCountry "AUT"]
[WhiteTeam "SV Stockerau"]
[BlackTeam "1 Wr NeustAedter SV"]

1.Nf3 Nf6 2.g3 g6 3.Bg2 Bg7 4.O-O d6 5.d3 O-O 6.e4 c5 7.Nc3 Nc6 8.h3 Rb8 9.a4 a6
10.Be3 b5 11.axb5 axb5 12.Qd2 b4 13.Ne2 Re8 14.Bh6 Bh8 15.Ng5 d5 16.exd5 Nxd5
17.Rab1 Nd4 18.Ne4 Bxh3 19.Nxd4 Bxg2 20.Ne6 Qc8 21.Kxg2 Qxe6 22.f3 Rbc8 23.Rh1
Nf6 24.Rbe1 Qd5 25.Rh4 Red8 26.Reh1 b3 27.Bg5 h5 28.Nc3 Qb7 29.cxb3 Qxb3 30.Qe2
Qb7 31.Bc1 Rd6 32.Ne4 Nxe4 33.dxe4 Rb6 34.e5 Qd5 35.Re4 Rb4 36.Re1 Rcb8 37.f4 f5
38.exf6 Bxf6 39.Kh3 Qf5+ 40.Kh2 Rxe4 41.Qxe4 Qxe4 42.Rxe4 Bxb2 43.Be3 Rc8
44.Rxe7 c4 45.Kh3 Ba3 46.Ra7 Bc5 47.Bxc5 Rxc5 48.Ra2 Kf7 49.g4 hxg4+ 50.Kxg4 Ke6
51.Kf3 c3 52.Rc2 Kd5

[Event "AUT_2BO_200607"]
[Site "6 810Zwettl,4 511Bruck/L,2"]
[Date "2007.04.15"]
[Round "11"]
[Board "1"]
[White "Vyskocil, Neklan"]
[Black "Hangweyrer, Manfred"]
[Result "1/2-1/2"]
[WhiteElo "2374"]
[BlackElo "2389"]
[PlyCount "21"]
[EventDate "2006.10.06"]
[EventType "team"]
[EventRounds "11"]
[EventCountry "AUT"]
[WhiteTeam "SK Zwettl"]
[BlackTeam "Austria Wien"]

1.d4 d5 2.c4 c6 3.cxd5 cxd5 4.Nc3 Nf6 5.Nf3 Nc6 6.Bf4 Nh5 7.Bd2 e6 8.e3 Nf6
9.Be2 Bd6 10.O-O O-O 11.Rc1